00812cam a22002418i 4500999001900000001000900019005001700028008004100045020002100086040001300107082002100120245013500141250001200276260003900288300001100327650003200338650002300370700002500393700002400418700002300442942000700465952009800472 c118334d1183342065606720200831173614.0180904s2019 pau ob 001 0 eng  a9780803658981 () cPK-LaUMT00a612.75223bJOI-00aJoint structure and function :ba comprehensive analysis /cedited by Pamela K. Levangie, Cynthia C. Norkin, and Michael D. Lewek a6th ed. aPhiladelphia :bF. A. Davis,c2019 a535 p.12aJointsxanatomy & histology22aJointsxphysiology1 aLevangie, Pamela K.,1 aNorkin, Cynthia C.,1 aLewek, Michael D., cBK 00104070aHSCbHSCd2020-08-31l0o612.75 JOI-p134635r2020-08-31 00:00:00w2020-08-31yBK